000 01085nam0a22002531 4500
001 rc\315244
005 20030307122132.3
035 _a(NLR Aleph) 005549540
090 _a5795793
_c5795793
100 _a20030307d1990 u |0rusy50 ca
101 0 _arus
102 _aRU
105 _aa |||||||||
200 1 _aРАДИАЦИОННЫЕ методы неразрушающего контроля сварных швов
_f[В.Г. Фирстов и др.]
210 _aМ.
_cИнформприбор
_d1990
215 _a43 с., включ. обл.
_cил.
_d21
225 1 _aПриборы, средства автоматизации и системы управления ТС-7
_iМашины и приборы для измерения механических величин
_eОбзор. информ.
_fИнформприбор
_vВып. 1
320 _aБиблиогр.: с. 44
702 1 _aФирстов
_bВ. Г.
_gВладимир Григорьевич
_4220
801 0 _aRU
_bNLR
_gpsbo
801 1 _aRU
_bELAR
_2rusmarc
852 _aNLR
_jП10/4218
942 _cBOOK
980 _aNB